Report of the FAO working group on the assessment of small pelagic fish off Northwest Africa, Banjul, Republic of Gambia, 5 - 12 April 2002 = Rapport du groupe de travail de la FAO sur l'évaluation des petits pélagiques au large de l'Afrique Nord-Occidentale, Banjul, République de Gambie, 5 - 12 avril 2002
Saved in:
| Main Author: | |
|---|---|
| Format: | Book |
| Language: | Undetermined |
| Published: |
Rome, Italy
FAO
2002
|
| Subjects: | |
| Tags: |
Add Tag
No Tags, Be the first to tag this record!
|
| Institutions: | Trung tâm Học liệu Trường Đại học Cần Thơ |
|---|
| LEADER | 00704nam a2200181Ia 4500 | ||
|---|---|---|---|
| 001 | CTU_55919 | ||
| 008 | 210402s9999 xx 000 0 und d | ||
| 082 | |a 639 | ||
| 082 | |b R245 | ||
| 100 | |a FAO | ||
| 245 | 0 | |a Report of the FAO working group on the assessment of small pelagic fish off Northwest Africa, Banjul, Republic of Gambia, 5 - 12 April 2002 = | |
| 245 | 0 | |b Rapport du groupe de travail de la FAO sur l'évaluation des petits pélagiques au large de l'Afrique Nord-Occidentale, Banjul, République de Gambie, 5 - 12 avril 2002 | |
| 245 | 0 | |c FAO | |
| 260 | |a Rome, Italy | ||
| 260 | |b FAO | ||
| 260 | |c 2002 | ||
| 650 | |a fishery | ||
| 980 | |a Trung tâm Học liệu Trường Đại học Cần Thơ | ||